00511nam a2200193 a 4500001001300000003000900013005001700022008004100039020001000080082001600090100001900106245005600125260003600181300000900217500003500226505002200261650001500283700001900298nice12345678IN_TiNIC20260116011815.0050524s1971 luca grp 000 0 urd  ac2.500a891.46bRAZ aRaz, Chandpuri aDastan-E-Ahd-E-Gulb 16 Adeebon Ke Khatut Ka Majmua aLucknowbNaseem Book Depoc1971 a160p aincludes index and biblioraphy2 aVarious Documents aUrdu-Prose1 aRaz, Chandpuri